| 000 | 01116nac a22003137a 4500 | ||
|---|---|---|---|
| 001 | BR5700134 | ||
| 003 | BR-BrBNA | ||
| 005 | 20240105112929.0 | ||
| 008 | 230509b bl.|||m| |||| 00| 0 por d | ||
| 040 |
_aBR-BrBNA _bpor _cBiblioteca Nacional de Agricultura |
||
| 072 | _aF22 | ||
| 090 | _aF22 BR5700134 | ||
| 100 | 1 | _aTavares, F.D. | |
| 110 | 1 |
_aInstituto Agronomico do Leste, Cruz das Almas, BA (Brasil) _95624 |
|
| 111 | 1 |
_a6. Congresso Brasileiro de Ciencia do Solo _cSalvador, BA (Brazil) _dJul 1957 |
|
| 245 | 1 | _aO Metodo da Sticky Point comparado com o metodo da umidade equivalente em solos da Bahia [Granulometria; Textura do solo; Analise do Solo; Brasil] | |
| 260 | 3 |
_aCruz das Almas, BA (Brasil): _c1957. |
|
| 300 | _ap. 37-48 | ||
| 490 |
_aBoletim Tecnico - Instituto Agronomico do Leste (Brazil) _vv. 4(1) _x |
||
| 500 | _a17 ref.; Summary (Pt); 7 tables | ||
| 650 | _aFISICA DO SOLO | ||
| 650 | _aUMIDADE | ||
| 650 | _aTEXTURA DO SOLO | ||
| 650 | _aANALISE DO SOLO | ||
| 650 | _aSOLO | ||
| 650 | _aBAHIA | ||
| 909 |
_a202312 _bLúcia Elande _c55 _dLúcia Elande |
||
| 942 |
_2AGRIS _n0 _cMS |
||
| 999 |
_c260990 _d260990 |
||